Optimalizácia výberu technológií a stavebných konštrukcií z hľadiska minimalizácie nadobúdacích a prevádzkových nákladov počas životnosti budov
Salvato in:
| Autore principale: | |
|---|---|
| Natura: | Manoscritto Libro |
| Lingua: | slovacco |
| Pubblicazione: |
Bratislava :
STU v Bratislave SvF,
1994
|
| Tags: |
Nessun Tag, puoi essere il primo ad aggiungerne!!
|
MARC
| LEADER | 00000ntm a22000003a 4500 | ||
|---|---|---|---|
| 001 | stu52832 | ||
| 005 | 20160721135328.3 | ||
| 008 | 000328s1994----xo------------------slo-d | ||
| 040 | |a STU |b slo | ||
| 041 | 0 | |a slo | |
| 044 | |a xo | ||
| 080 | |a 69.059.4 | ||
| 080 | |a 624.01(043.3) | ||
| 100 | 1 | |a Soósová, Dana |4 aut | |
| 245 | 1 | |a Optimalizácia výberu technológií a stavebných konštrukcií z hľadiska minimalizácie nadobúdacích a prevádzkových nákladov počas životnosti budov | |
| 260 | |a Bratislava : |b STU v Bratislave SvF, |c 1994 | ||
| 300 | |a 196 s.;tab.,schémy | ||
| 996 | |b 284V037524 |c V*2111/DŠ-18 |l VVS |s A |a 24 |w stu52832_0001 | ||